Wszystkie przedmioty szkolne w 5 klasie podstawówki (23/24) - Statystyki

Ogólne statystyki
  • Ten quiz został rozwiązany 93 razy
  • Średni wynik to 12 z 15
Statystyki odpowiedzi
Wskazówki Odpowiedzi % Poprawnych
Obowiązkowe Język Angielski
97%
Obowiązkowe Język Polski
97%
Obowiązkowe Matematyka
97%
Nieobowiązkowe Religia/Etyka
94%
Obowiązkowe Wychowanie fizyczne
94%
Obowiązkowe Plastyka
88%
Obowiązkowe Technika
87%
Obowiązkowe Muzyka
86%
Obowiązkowe Biologia
84%
Obowiązkowe Geografia
79%
Obowiązkowe Historia
73%
Nieobowiązkowe WDŻ
73%
Obowiązkowe Informatyka
61%
Nieobowiązkowe( w konkretnym przypadku) Język Niemiecki
61%
Obowiązkowe Zajęcia z wychowawcą
49%
Nie znaleziono quizów pasujących do podanych kryteriów
Rozkład punktacji
Procent ludzi z każdym wynikiem
Percentyl według liczby udzielonych odpowiedzi
Twoja historia wyników
Nie rozwiązałeś tego quizu